Flächenmässig grösste Gemeinden im Kanton Zürich - Statistiken

Allgemein
  • Dieses Quiz wurde 93 mal gespielt
  • Das Durchschnittsergebnis liegt bei 10 aus 15
Antwortstatistiken
Fläche km² Bezirk Gemeinde % Korrekt
68.07 Winterthur Winterthur
97%
87.93 Zürich Zürich
97%
30.83 Horgen Horgen
96%
19.52 Pfäffikon Pfäffikon
89%
28.49 Uster Uster
89%
22.28 Hinwil Hinwil
88%
35.64 Horgen Wädenswil
74%
25.27 Hinwil Wald (ZH)
59%
32.91 Pfäffikon Illnau-Effretikon
50%
29.53 Pfäffikon Bauma
45%
30.24 Hinwil Fischenthal
41%
25.22 Winterthur Turbenthal
39%
22.19 Hinwil Bäretswil
33%
23.95 Andelfingen Stammheim
33%
24.39 Winterthur Elgg
30%
Keine übereinstimmenden Quizze gefunden
Verteilung der Resultate
Anzahl Personen mit jedem Resultat
Perzentil nach korrekt beantworteten Fragen
Ihre Resultats-Entwicklung
Sie haben dieses Quiz noch nicht gespielt